[Event "26th 4NCL Congress"]
[Site "Woodland Grange, Leamington Spa"]
[Date "2021.09.12"]
[Round "5.24"]
[White "Burrows, Nick"]
[Black "Sandhu, Manvith"]
[Result "1/2-1/2"]
[WhiteElo "2066"]
[BlackElo "1928"]
[PlyCount "59"]
[EventDate "2021.09.10"]

1. c4 c6 2. Nc3 Nf6 3. Nf3 d5 4. e3 e6 5. b3 Be7 6. Bb2 O-O 7. d4 Nbd7 8. Bd3
dxc4 9. Bxc4 b5 10. Be2 a6 11. O-O c5 12. Rc1 Bb7 13. Qd3 cxd4 14. Qxd4 Qb6 15.
Rfd1 Rad8 16. Qxb6 Nxb6 17. Ne5 Rxd1+ 18. Nxd1 Rc8 19. Rxc8+ Nxc8 20. Bf3 Bxf3
21. Nxf3 Nb6 22. Kf1 Kf8 23. Ke2 Nbd5 24. Ne5 Ke8 25. Nc6 Bd6 26. g3 Kd7 27.
Ne5+ Bxe5 28. Bxe5 Kc6 29. Nc3 g6 30. Bxf6 1/2-1/2

[Event "26th 4NCL Congress"]
[Site "Woodland Grange, Leamington Spa"]
[Date "2021.09.12"]
[Round "5.25"]
[White "Hymer, Barry J"]
[Black "Cannon, Richard J"]
[Result "0-1"]
[WhiteElo "1983"]
[BlackElo "2058"]
[PlyCount "66"]
[EventDate "2021.09.10"]

1. d4 Nf6 2. Nf3 e6 3. e3 b6 4. Bd3 Bb7 5. Nbd2 d5 6. O-O Ne4 7. Ne5 Bd6 8. f4
a6 9. Qf3 Nxd2 10. Bxd2 Nd7 11. g4 f6 12. g5 g6 13. Bxg6+ hxg6 14. Nxg6 Rh7 15.
h4 Nf8 16. Nxf8 Bxf8 17. Rf2 Rxh4 18. Qg3 Rh8 19. Raf1 fxg5 20. fxg5 Qd6 21.
Qg4 O-O-O 22. g6 Bg7 23. Rg2 Rdf8 24. Rf7 Rfg8 25. Be1 Kb8 26. Bg3 e5 27. Rd7
Bc8 28. Rxd6 Bxg4 29. Rc6 Kb7 30. Rc3 Bf3 31. Rh2 Rxh2 32. Kxh2 c6 33. dxe5 Be4
0-1

[Event "26th 4NCL Congress"]
[Site "Woodland Grange, Leamington Spa"]
[Date "2021.09.12"]
[Round "5.26"]
[White "Zheng, Harry Z"]
[Black "Nandi, Robin J"]
[Result "1/2-1/2"]
[WhiteElo "1915"]
[BlackElo "1937"]
[PlyCount "65"]
[EventDate "2021.09.10"]

1. e4 e5 2. Nf3 Nc6 3. Bb5 a6 4. Ba4 Nf6 5. d3 Bc5 6. O-O d6 7. c3 b5 8. Bb3
Bb6 9. Nbd2 O-O 10. h3 h6 11. a4 Bb7 12. Re1 Re8 13. Nf1 Ne7 14. Ng3 Ng6 15. a5
Ba7 16. c4 c6 17. cxb5 cxb5 18. Bd2 d5 19. Bc3 dxe4 20. dxe4 Qc7 21. Rc1 Rac8
22. Ba2 Bc6 23. Qb3 Qb7 24. Rcd1 Bb8 25. Bb4 Rcd8 26. Rc1 Rd7 27. Qc3 Bxe4 28.
Nxe4 Nxe4 29. Qc2 Rc7 30. Bxf7+ Kxf7 31. Qxe4 Qxe4 32. Rxc7+ Bxc7 33. Rxe4
1/2-1/2

[Event "26th 4NCL Congress"]
[Site "Woodland Grange, Leamington Spa"]
[Date "2021.09.12"]
[Round "5.27"]
[White "Faulkner, Martin J"]
[Black "Pal, Rohan"]
[Result "1-0"]
[WhiteElo "1988"]
[BlackElo "1803"]
[PlyCount "95"]
[EventDate "2021.09.10"]

1. c4 e5 2. Nc3 Nf6 3. Nf3 Nc6 4. g3 d5 5. cxd5 Nxd5 6. Bg2 Nb6 7. O-O Be7 8.
a3 O-O 9. b4 Be6 10. Rb1 f6 11. d3 Qd7 12. Re1 Rad8 13. Be3 Qc8 14. Qc2 f5 15.
Bc5 Bxc5 16. bxc5 Nd5 17. Ng5 Nxc3 18. Qxc3 Rfe8 19. Nxe6 Rxe6 20. Qb3 Qd7 21.
Qxb7 e4 22. Qb3 Nd4 23. Qa2 Qd5 24. Qxd5 Rxd5 25. e3 Nf3+ 26. Bxf3 exf3 27. d4
Ra6 28. Rb3 f4 29. Rd3 fxg3 30. fxg3 Ra4 31. Kf2 Rc4 32. Red1 Rf5 33. R1d2 Rc1
34. e4 Rf8 35. Rxf3 Rxf3+ 36. Kxf3 Rc3+ 37. Kf4 Rxa3 38. Ke5 Kf7 39. Rb2 Ke7
40. c6 h6 41. d5 a5 42. Rb7 Kd8 43. Rb8+ Ke7 44. Rc8 a4 45. Rxc7+ Kd8 46. Rxg7
Rf3 47. d6 Rf8 48. Ra7 1-0

[Event "26th 4NCL Congress"]
[Site "Woodland Grange, Leamington Spa"]
[Date "2021.09.12"]
[Round "5.28"]
[White "Khoury, Theo"]
[Black "Prince, Alan R"]
[Result "1-0"]
[WhiteElo "1947"]
[BlackElo "1765"]
[PlyCount "67"]
[EventDate "2021.09.10"]

1. e4 g6 2. d4 d6 3. Nc3 c6 4. a4 Bg7 5. Nf3 Nd7 6. Be3 Qc7 7. Bc4 e6 8. O-O
Ne7 9. Qd2 Nf6 10. h3 h6 11. Rad1 g5 12. Nh2 Ng6 13. f4 gxf4 14. Bxf4 Nxf4 15.
Qxf4 Qe7 16. e5 dxe5 17. dxe5 Nd5 18. Qd4 Qg5 19. Ng4 h5 20. Ne4 Qe7 21. Ngf6+
Bxf6 22. Nxf6+ Kf8 23. Bxd5 exd5 24. c4 dxc4 25. Qxc4 Be6 26. Qd4 b6 27. Kh1
Rc8 28. Rf3 c5 29. Qd2 c4 30. Rg3 Qc7 31. Rg5 Qc6 32. Nxh5 Bxh3 33. Qb4+ Ke8
34. Ng3 1-0

[Event "26th 4NCL Congress"]
[Site "Woodland Grange, Leamington Spa"]
[Date "2021.09.12"]
[Round "5.29"]
[White "Kumar, Sanjit S"]
[Black "Li, Ethan Bingxuan"]
[Result "1-0"]
[WhiteElo "1818"]
[BlackElo "1858"]
[PlyCount "69"]
[EventDate "2021.09.10"]

1. d4 Nf6 2. c4 g6 3. Nc3 Bg7 4. e4 d6 5. Nf3 O-O 6. h3 e5 7. d5 a5 8. Bg5 Na6
9. Be2 Nc5 10. Nd2 h6 11. Be3 b6 12. g4 Nh7 13. h4 Bd7 14. Nf1 f5 15. gxf5 gxf5
16. exf5 Bxf5 17. Ng3 Bd7 18. Qd2 Kh8 19. Bxh6 Bxh6 20. Qxh6 Bf5 21. O-O-O Qd7
22. Rhg1 Rf6 23. Qe3 e4 24. Qd4 Nd3+ 25. Bxd3 exd3 26. Nce4 Qa4 27. Kb1 Qc2+
28. Ka1 Bxe4 29. Nxe4 Rg8 30. Nxf6 Rg2 31. Nh5+ Nf6 32. Qxf6+ Kh7 33. Qf7+ Kh6
34. Qf8+ Kxh5 35. Qf3+ 1-0

[Event "26th 4NCL Congress"]
[Site "Woodland Grange, Leamington Spa"]
[Date "2021.09.12"]
[Round "5.30"]
[White "Ivan, Austin"]
[Black "Sheikh, Anum"]
[Result "1/2-1/2"]
[WhiteElo "1758"]
[BlackElo "1990"]
[PlyCount "106"]
[EventDate "2021.09.10"]

1. d4 f5 2. Nc3 d5 3. Bf4 Nf6 4. e3 g6 5. Be2 Bg7 6. h4 h6 7. Nf3 Be6 8. Ne5
Bf7 9. Nxf7 Kxf7 10. g4 e6 11. gxf5 exf5 12. Qd3 Qd7 13. O-O-O c6 14. Rdg1 b5
15. Rh2 Rg8 16. Rhg2 Bf8 17. Be5 a5 18. f4 b4 19. Nb1 c5 20. dxc5 Bxc5 21. h5
Nc6 22. Bxf6 Kxf6 23. Rxg6+ Kf7 24. Rxg8 Rxg8 25. Rxg8 Kxg8 26. Bf3 Ne7 27. Kd2
Qe6 28. c3 Kf7 29. cxb4 axb4 30. a3 Qc6 31. axb4 Bxb4+ 32. Nc3 Ke6 33. Ke2 Bxc3
34. Qxc3 Qxc3 35. bxc3 Nc8 36. Kd3 Nd6 37. Bd1 Ne4 38. Kd4 Nd6 39. Ba4 Ne4 40.
Bd1 Nd6 41. Be2 Ne4 42. Bf3 Nf6 43. Kc5 Nd7+ 44. Kd4 Nf6 45. c4 dxc4 46. Kxc4
Kd6 47. Kd4 Ke6 48. Be2 Ne4 49. Bc4+ Kd6 50. Be2 Nf6 51. Bf3 Ke6 52. Kc5 Nd7+
53. Kc6 Nf6 1/2-1/2

[Event "26th 4NCL Congress"]
[Site "Woodland Grange, Leamington Spa"]
[Date "2021.09.12"]
[Round "5.31"]
[White "Phillips, Max P"]
[Black "Miller, George I"]
[Result "1-0"]
[WhiteElo "1638"]
[BlackElo "1915"]
[PlyCount "57"]
[EventDate "2021.09.10"]

1. e4 d5 2. exd5 Nf6 3. d4 Bg4 4. Bb5+ Nbd7 5. f3 Bf5 6. Nc3 a6 7. Ba4 b5 8.
Bb3 Nb6 9. Nge2 Nbxd5 10. Nxd5 Nxd5 11. O-O e6 12. c4 Nb6 13. Bf4 Nxc4 14. Bxc4
bxc4 15. Qa4+ Qd7 16. Qxc4 Bd6 17. Rac1 O-O 18. Qc6 Rfd8 19. Rfd1 Rab8 20. b3
h6 21. Be3 Qe7 22. Ng3 Qh4 23. d5 Bxg3 24. hxg3 Qxg3 25. Qxc7 e5 26. Bf2 Qf4
27. Rc4 Rbc8 28. Rxf4 Rxc7 29. Rxf5 1-0

[Event "26th 4NCL Congress"]
[Site "Woodland Grange, Leamington Spa"]
[Date "2021.09.10"]
[Round "1.1"]
[White "O'gorman, Brendan"]
[Black "Phillips, Owen S"]
[Result "0-1"]
[WhiteElo "1843"]
[BlackElo "1998"]
[PlyCount "0"]
[EventDate "2021.09.10"]

1. c4 d6 2. d4 c6 3. Nc3 g6 4. e4 Bg7 5. Nf3 Bg4 6. Be2 Nd7 7. Be3 a6 8. a4 Qc7
9. O-O Bxf3 10. Bxf3 e5 11. d5 Ne7 12. Qd2 h6 13. Rfd1 c5 14. g3 O-O-O 15. a5
f5 16. b4 f4 17. gxf4 exf4 18. Bxf4 cxb4 19. Na4 Bxa1 20. Rxa1 Rhf8 21. c5 Rxf4
22. Qxf4 Rf8 23. Nb6+ Kd8 24. cxd6 Rxf4 25. dxc7+ Kxc7 26. Rc1+ Kd8 27. Bg2
Nxb6 28. axb6 Rf6 29. e5 Rxb6 30. d6 Nf5 31. Rc7 b3 32. Be4 b2 33. Bb1 Nxd6 34.
exd6 Rxd6 35. Rxb7 Rd1+ 36. Kg2 Rxb1 37. Kf3 a5 38. Ke2 a4 39. Kd2 a3 40. Ra7
Rd1+ 41. Kxd1 0-1

[Event "26th 4NCL Congress"]
[Site "Woodland Grange, Leamington Spa"]
[Date "2021.09.10"]
[Round "1.2"]
[White "Brocklehurst, Andrew"]
[Black "Di-Vetta, Andrew"]
[Result "0-1"]
[WhiteElo "1983"]
[BlackElo "1799"]
[PlyCount "0"]
[EventDate "2021.09.10"]

1. e4 c5 2. Nf3 Nc6 3. d4 cxd4 4. Nxd4 d6 5. Nxc6 bxc6 6. Nc3 g6 7. Bc4 Bg7 8.
O-O Qc7 9. Nd5 Qb8 10. Nc3 Nh6 11. h3 O-O 12. Rb1 Qb4 13. Qe2 Be6 14. Bxe6 fxe6
15. a3 Qa5 16. Bxh6 Bxh6 17. Qc4 Kf7 18. Qxc6 Rfc8 19. Qb5 Qxb5 20. Nxb5 Rxc2
21. b3 Rc5 22. a4 a6 23. Nd4 e5 24. Nf3 Ke6 25. Rfd1 Rb8 26. Rd3 Rb4 27. Nd2
Bxd2 28. Rxd2 Rxe4 29. b4 Rc8 30. Rdb2 Rec4 31. f3 h5 32. Kf2 h4 33. Ke3 Kf5
34. Rb3 d5 35. R1b2 d4+ 36. Kf2 Kf4 37. Re2 Rc2 38. b5 axb5 39. axb5 Rxe2+ 40.
Kxe2 Kg3 41. b6 Kxg2 42. b7 Rb8 43. Rb6 Kxh3 44. Kf2 g5 45. Rb1 Kh2 46. Rb5 d3
47. Ke3 Kg3 48. Rxe5 Rxb7 49. Rxg5+ Kh2 50. Kxd3 h3 51. Rg7 Kh1 52. f4 0-1

[Event "26th 4NCL Congress"]
[Site "Woodland Grange, Leamington Spa"]
[Date "2021.09.10"]
[Round "1.4"]
[White "Idle, Oscar J"]
[Black "Winter, Kevin"]
[Result "1/2-1/2"]
[WhiteElo "1979"]
[BlackElo "1786"]
[PlyCount "0"]
[EventDate "2021.09.10"]

1. d4 d6 2. Nf3 Nf6 3. c4 g6 4. g3 Bg7 5. Bg2 O-O 6. O-O Nc6 7. h3 e5 8. d5 Nb8
9. Nc3 Nbd7 10. e4 a5 11. Be3 b6 12. Ne1 Nh5 13. Kh2 Nc5 14. b3 Bd7 15. a3 Qe8
16. Bf3 f5 17. Bxh5 gxh5 18. Bxc5 bxc5 19. Ng2 f4 20. Qf3 fxg3+ 21. Qxg3 Kh8
22. Rae1 Rb8 23. Nb1 Bh6 24. Re2 a4 25. Rb2 Rg8 26. Qd3 axb3 27. Rxb3 Rxb3 28.
Qxb3 Qg6 29. Qf3 Rf8 30. Qd3 Rg8 31. Qf3 Rf8 32. Qd3 Rg8 1/2-1/2

[Event "26th 4NCL Congress"]
[Site "Woodland Grange, Leamington Spa"]
[Date "2021.09.10"]
[Round "1.5"]
[White "Holt, Trevor J"]
[Black "Spanton, Tim R"]
[Result "0-1"]
[WhiteElo "1780"]
[BlackElo "1965"]
[PlyCount "0"]
[EventDate "2021.09.10"]

1. e4 c5 2. d4 cxd4 3. Nf3 Nc6 4. Bc4 Nf6 5. Qe2 d6 6. h3 e6 7. c3 d5 8. exd5
Nxd5 9. cxd4 Bb4+ 10. Bd2 Nf4 11. Qe4 Nxg2+ 12. Kf1 f5 13. Qe2 Bxd2 14. Nbxd2
Nf4 15. Qe1 O-O 16. Nb3 Kh8 17. Rg1 Nxh3 18. Rg3 Nf4 19. Qd2 Nd5 20. Kg2 f4 21.
Rg5 Qf6 22. Bxd5 exd5 23. Rh1 Bf5 24. Rgh5 Be4 25. R1h3 Qg6+ 26. Kh2 Bxf3 27.
Rxh7+ Qxh7 28. Rxh7+ Kxh7 29. Qd3+ Be4 30. Qh3+ Kg8 31. Qe6+ Kh8 32. Qh3+ Bh7
33. Qh5 Rf5 34. Qe2 Rf6 35. Qb5 Be4 36. Kh3 Bf3 37. Kh4 Rf5 0-1

[Event "26th 4NCL Congress"]
[Site "Woodland Grange, Leamington Spa"]
[Date "2021.09.10"]
[Round "1.6"]
[White "Owens, Trefor H"]
[Black "Dasgupta, Avyukt"]
[Result "0-1"]
[WhiteElo "1960"]
[BlackElo "1779"]
[PlyCount "0"]
[EventDate "2021.09.10"]

1. e4 e6 2. d4 d5 3. e5 c5 4. c3 Qb6 5. Nf3 Bd7 6. Bd3 Nc6 7. O-O Rc8 8. dxc5
Bxc5 9. b4 Bf8 10. a4 Qc7 11. Re1 Nge7 12. b5 Na5 13. Ba3 Ng6 14. Bxf8 Kxf8 0-1

[Event "26th 4NCL Congress"]
[Site "Woodland Grange, Leamington Spa"]
[Date "2021.09.10"]
[Round "1.7"]
[White "Macphail, Kieran"]
[Black "Taylor, Robert G"]
[Result "1/2-1/2"]
[WhiteElo "1756"]
[BlackElo "1960"]
[PlyCount "0"]
[EventDate "2021.09.10"]

1. e4 c5 2. Nf3 e6 3. c3 d6 4. Bb5+ Bd7 5. Bxd7+ Nxd7 6. O-O Be7 7. d4 Ngf6 8.
Qe2 O-O 9. Rd1 Qc7 10. h3 Rad8 11. Bf4 e5 12. Bh2 g6 13. d5 Ne8 14. Nbd2 Ng7
15. a4 f5 16. a5 Nf6 17. b4 cxb4 18. cxb4 Qd7 19. Ne1 Rc8 20. f3 Nfh5 21. Rdc1
Bg5 22. g4 Nf4 23. Bxf4 Bxf4 24. Ng2 fxg4 25. hxg4 Bxd2 26. Rxc8 Qxc8 27. Qxd2
Rxf3 28. Qg5 Rf8 29. Rc1 Qd7 30. Kh2 Ne8 31. Kh3 Qf7 32. Nh4 Qf4 33. Qxf4 Rxf4
34. Rc8 Kf8 35. Rb8 Rf7 36. b5 Rc7 37. a6 bxa6 38. bxa6 Rc3+ 39. Kg2 Ra3 40.
Rb7 Rxa6 41. Rxh7 Nf6 42. Nxg6+ Kg8 43. Rc7 Nxe4 44. Ne7+ Kf8 45. Nf5 Ra3 46.
Rd7 1/2-1/2

[Event "26th 4NCL Congress"]
[Site "Woodland Grange, Leamington Spa"]
[Date "2021.09.10"]
[Round "1.8"]
[White "Mort, Andrew J"]
[Black "Waterfield, Mark Bw"]
[Result "1/2-1/2"]
[WhiteElo "1930"]
[BlackElo "1756"]
[PlyCount "0"]
[EventDate "2021.09.10"]

1. c4 e6 2. g3 d5 3. Bg2 Nf6 4. Nf3 Be7 5. O-O O-O 6. b3 c6 7. Bb2 Nbd7 8. d3
b6 9. Nbd2 Bb7 10. h3 Rc8 11. Rc1 c5 12. Re1 Nh5 13. e4 dxe4 14. dxe4 g6 15. e5
Nb8 16. Ne4 Bxe4 17. Rxe4 Qc7 18. Re2 Rfd8 19. Qc2 Nc6 20. Bc3 Nd4 21. Bxd4
cxd4 22. Ne1 Ba3 23. Rd1 Rd7 24. Nd3 a5 25. Qd2 Qb8 26. g4 Ng7 27. Be4 a4 28.
Qg5 b5 29. f4 axb3 30. axb3 bxc4 31. bxc4 Be7 32. Qh6 Bf8 33. Qg5 Be7 34. Qh6
1/2-1/2

[Event "26th 4NCL Congress"]
[Site "Woodland Grange, Leamington Spa"]
[Date "2021.09.10"]
[Round "1.9"]
[White "Knight, Colin B"]
[Black "Jackson, Gary C"]
[Result "0-1"]
[WhiteElo "1745"]
[BlackElo "1923"]
[PlyCount "0"]
[EventDate "2021.09.10"]

1. d4 d5 2. c4 c6 3. Nc3 Nf6 4. Nf3 Bf5 5. e3 e6 6. Bd3 Bxd3 7. Qxd3 Bd6 8. O-O
Nbd7 9. e4 dxe4 10. Nxe4 Nxe4 11. Qxe4 Nf6 12. Qc2 h6 13. Be3 O-O 14. Rad1 Rc8
15. Qb3 Qc7 16. a3 Rfd8 17. Rfe1 Qb8 18. Bd2 Nh5 19. Qe3 Nf4 20. Ne5 Bxe5 21.
dxe5 Nd3 22. Qg3 Nxe1 23. Bxh6 Nf3+ 24. gxf3 Rxd1+ 25. Kg2 g6 26. f4 Qc7 27.
Qh4 f5 28. exf6 Qh7 29. Qg4 Re1 30. Bg7 Qh5 31. Qg3 Qf5 0-1

[Event "26th 4NCL Congress"]
[Site "Woodland Grange, Leamington Spa"]
[Date "2021.09.10"]
[Round "1.10"]
[White "Jacob, Sydney J"]
[Black "Sloan, Cecil"]
[Result "1-0"]
[WhiteElo "1923"]
[BlackElo "1734"]
[PlyCount "0"]
[EventDate "2021.09.10"]

1. c4 e5 2. Nc3 d6 3. g3 f5 4. Bg2 Nf6 5. d3 Be7 6. Nf3 O-O 7. Bg5 h6 8. Bd2 c6
9. Qb3 Qb6 10. Qc2 Qd8 11. c5 Be6 12. e3 Nbd7 13. cxd6 Bxd6 14. O-O Qe7 15. Nh4
Qf7 16. f4 exf4 17. gxf4 Qh5 18. Nf3 Qf7 19. d4 Bc4 20. Rfe1 Nd5 21. Nxd5 Bxd5
22. b3 Bxf3 23. Bxf3 Qg6+ 24. Kh1 Nf6 25. Rg1 Ng4 26. Rxg4 1-0

[Event "26th 4NCL Congress"]
[Site "Woodland Grange, Leamington Spa"]
[Date "2021.09.10"]
[Round "1.13"]
[White "Murphy, Ross"]
[Black "Varley, Joe"]
[Result "0-1"]
[WhiteElo "1707"]
[BlackElo "1892"]
[PlyCount "0"]
[EventDate "2021.09.10"]

1. d4 Nf6 2. c4 g6 3. Nc3 d5 4. cxd5 Nxd5 5. e4 Nxc3 6. bxc3 Bg7 7. h4 c5 8.
Be3 O-O 9. h5 Qa5 10. hxg6 hxg6 11. Ne2 Rd8 12. Qd2 Nc6 13. Bh6 Bh8 14. Nf4
cxd4 15. Nxg6 dxc3 16. Qf4 c2+ 17. Ke2 Nd4+ 0-1

[Event "26th 4NCL Congress"]
[Site "Woodland Grange, Leamington Spa"]
[Date "2021.09.10"]
[Round "1.14"]
[White "Maladkar, Lavanya"]
[Black "Latypova, Olga L"]
[Result "1-0"]
[WhiteElo "1885"]
[BlackElo "1701"]
[PlyCount "0"]
[EventDate "2021.09.10"]

1. d4 Nf6 2. c4 g6 3. Nc3 d5 4. Nf3 Bg7 5. cxd5 Nxd5 6. e4 Nxc3 7. bxc3 c5 8.
Bb5+ Bd7 9. Bxd7+ Qxd7 10. O-O O-O 11. Be3 Nc6 12. d5 Na5 13. Bxc5 Bxc3 14. Rc1
Bb2 15. Rc2 Bg7 16. Qd2 b6 17. Bd4 Rac8 18. Rfc1 Rxc2 19. Rxc2 Qb5 20. Bxg7
Kxg7 21. Qc3+ Kg8 22. Ne5 Qb1+ 23. Rc1 Qxe4 24. Nd7 Re8 25. Re1 Qa4 26. Ne5
Qxa2 27. Ng4 h5 28. Nf6+ exf6 29. Rxe8+ Kg7 30. d6 Qd5 31. Qb4 Nc6 32. Qe4 Qd1+
33. Qe1 Qxd6 34. h3 a5 35. Ra8 b5 36. Qe8 Kh6 37. h4 g5 38. Qxf7 gxh4 39. Rh8+
Kg5 40. Qxh5+ Kf4 41. Re8 Ne5 42. Qxh4+ Kf5 43. Qh3+ Ng4 44. Qh5+ Kf4 45. g3+
1-0

[Event "26th 4NCL Congress"]
[Site "Woodland Grange, Leamington Spa"]
[Date "2021.09.10"]
[Round "1.15"]
[White "Jones, Tim"]
[Black "Dean, Robert A"]
[Result "1/2-1/2"]
[WhiteElo "1698"]
[BlackElo "1866"]
[PlyCount "0"]
[EventDate "2021.09.10"]

1. e4 e6 2. d4 d5 3. Nd2 Nf6 4. e5 Nfd7 5. Bd3 c5 6. c3 Nc6 7. Ne2 Qb6 8. Nf3
cxd4 9. cxd4 f6 10. exf6 Nxf6 11. O-O Bd6 12. Re1 O-O 13. a3 Bd7 14. Bf4 Bxf4
15. Nxf4 Rae8 16. Qd2 Na5 17. Rab1 Nb3 18. Qd1 Ne4 19. Nh3 e5 20. Nhg5 Nxd4 21.
Bxe4 dxe4 22. Nxd4 exd4 23. Rxe4 Rxe4 24. Nxe4 Bf5 25. Qd3 Re8 26. f3 Bg6 27.
b4 Rc8 28. Rd1 Rd8 29. Qc4+ Bf7 30. Qc5 Qxc5 31. Nxc5 b6 32. Ne4 Bc4 33. Kf2 b5
34. g3 h6 35. Nc5 1/2-1/2

[Event "26th 4NCL Congress"]
[Site "Woodland Grange, Old Milverton"]
[Date "2021.09.11"]
[Round "2.1"]
[White "Phillips, Owen S"]
[Black "Maladkar, Lavanya"]
[Result "1/2-1/2"]
[WhiteElo "1998"]
[BlackElo "1885"]
[PlyCount "45"]
[EventDate "2021.09.10"]

1. Nf3 d5 2. b3 Nf6 3. Bb2 e6 4. h3 c5 5. d3 Nc6 6. Nbd2 Be7 7. g4 d4 8. Bg2
Nd5 9. Nc4 Nf4 10. Bf1 b5 11. Bc1 Nd5 12. Nce5 Nxe5 13. Nxe5 Bb7 14. Nf3 h5 15.
g5 g6 16. h4 O-O 17. Bh3 e5 18. Bd2 Bd6 19. e3 dxe3 20. fxe3 e4 21. dxe4 Bg3+
22. Kf1 Ne7 23. Kg2 1/2-1/2

[Event "26th 4NCL Congress"]
[Site "Woodland Grange, Old Milverton"]
[Date "2021.09.11"]
[Round "2.2"]
[White "Spanton, Tim R"]
[Black "Shenbagakumar, Gautham"]
[Result "1/2-1/2"]
[WhiteElo "1965"]
[BlackElo "1866"]
[PlyCount "114"]
[EventDate "2021.09.10"]

1. e4 c5 2. Nf3 d6 3. Bb5+ Bd7 4. Bxd7+ Qxd7 5. O-O Nc6 6. Qe2 e6 7. c4 Nge7 8.
Rd1 e5 9. Nc3 g6 10. d3 Bg7 11. Nd5 O-O 12. Rb1 f5 13. a3 Nxd5 14. cxd5 Nd4 15.
Nxd4 cxd4 16. Bd2 f4 17. Rdc1 Rac8 18. f3 Rxc1+ 19. Rxc1 Rc8 20. Qd1 h5 21. Bb4
Rc7 22. Rc4 b5 23. Rxc7 Qxc7 24. Kf2 Bf6 25. Qd2 Bd8 26. Qd1 Kf7 27. Bd2 Ke7
28. Ke2 Kd7 29. g3 g5 30. gxf4 exf4 31. Qb3 a6 32. h4 g4 33. Bxf4 Bxh4 34. fxg4
hxg4 35. a4 Qa5 36. Bd2 Qxa4 37. Qxa4 bxa4 38. Bh6 Bf6 39. Bf4 Bd8 40. Kf2 Bb6
41. Kg3 Bc5 42. Bc1 Kc7 43. Kxg4 Kb6 44. Kf5 Kb5 45. Bd2 a5 46. e5 dxe5 47.
Kxe5 a3 48. bxa3 Bxa3 49. Ke6 a4 50. d6 Bc5 51. d7 Bb6 52. Ke7 a3 53. Bc1 Kb4
54. Kd6 Kb3 55. Kc6 Bd8 56. Bxa3 Kxa3 57. Kc5 Bf6 1/2-1/2

[Event "26th 4NCL Congress"]
[Site "Woodland Grange, Old Milverton"]
[Date "2021.09.11"]
[Round "2.3"]
[White "Jackson, Gary C"]
[Black "Graff, Ben"]
[Result "1-0"]
[WhiteElo "1923"]
[BlackElo "1844"]
[PlyCount "161"]
[EventDate "2021.09.10"]

1. e4 e6 2. d4 d5 3. exd5 exd5 4. Bd3 Bd6 5. h3 Ne7 6. Nf3 Bf5 7. O-O Bxd3 8.
Qxd3 c6 9. Re1 Nd7 10. Bg5 f6 11. Be3 Qc7 12. Nbd2 O-O 13. Nf1 Rac8 14. Nh4 c5
15. c3 cxd4 16. Bxd4 Ne5 17. Qd1 Bc5 18. Ne3 Qd7 19. Nc2 b6 20. Nf3 N7c6 21.
Rc1 Rcd8 22. a3 Qf5 23. Nh4 Qd3 24. f4 Qg3 25. fxe5 Qxh4 26. exf6 Rxf6 27. b4
Bxd4+ 28. Nxd4 Qf2+ 29. Kh1 Nxd4 30. Qxd4 Qg3 31. Re7 Qg5 32. Rg1 Rf7 33. Re5
Rf5 34. Rge1 Rxe5 35. Rxe5 Qc1+ 36. Kh2 Qxa3 37. Rxd5 Rxd5 38. Qxd5+ Kf8 39.
Qd8+ Kf7 40. Qc7+ Kf8 41. h4 Qa4 42. Kh3 b5 43. Kg4 Qa6 44. Qd8+ Kf7 45. Qd7+
Kf8 46. Qf5+ Kg8 47. h5 Qc6 48. g3 a6 49. Qe5 Qd7+ 50. Kf4 Qf7+ 51. Ke3 Qa7+
52. Kd3 Qd7+ 53. Ke4 Qc8 54. Qd5+ Kf8 55. Qf5+ Qxf5+ 56. Kxf5 Ke7 57. Ke5 Kd7
58. Kd5 h6 59. Kc5 Kc7 60. g4 Kb7 61. Kd6 Kb6 62. Kd5 a5 63. bxa5+ Kxa5 64. Ke6
Ka4 65. Kf7 Kb3 66. Kxg7 Kxc3 67. Kxh6 b4 68. g5 b3 69. g6 b2 70. g7 b1=Q 71.
g8=Q Qb6+ 72. Qg6 Qe3+ 73. Kh7 Kc4 74. h6 Kc5 75. Kh8 Qe7 76. Qg7 Qd6 77. h7
Kc6 78. Qf7 Qg3 79. Qf6+ Kd5 80. Qd8+ Ke6 81. Qg8+ 1-0

[Event "26th 4NCL Congress"]
[Site "Woodland Grange, Old Milverton"]
[Date "2021.09.11"]
[Round "2.4"]
[White "Di-Vetta, Andrew"]
[Black "Jacob, Sydney J"]
[Result "1/2-1/2"]
[WhiteElo "1799"]
[BlackElo "1923"]
[PlyCount "95"]
[EventDate "2021.09.10"]

1. c4 Nf6 2. g3 g6 3. Bg2 Bg7 4. Nf3 c5 5. O-O O-O 6. Nc3 Nc6 7. d3 d6 8. a3
Bd7 9. h3 a6 10. e3 Rb8 11. Qc2 b5 12. Bd2 bxc4 13. dxc4 Na5 14. Ne2 Bf5 15.
Bxa5 Bxc2 16. Bxd8 Rfxd8 17. Rac1 Rxb2 18. Nf4 e5 19. Nd5 Nxd5 20. cxd5 Bd3 21.
Rfe1 Rdb8 22. Ng5 h6 23. Ne4 R8b6 24. Red1 Bxe4 25. Bxe4 f5 26. Bd3 e4 27. Bc4
g5 28. Kf1 Be5 29. Ke1 Kf7 30. a4 R6b4 31. Bxa6 Rxa4 32. Be2 Kf6 33. Rd2 Rxd2
34. Kxd2 f4 35. g4 Ra2+ 36. Rc2 Rxc2+ 37. Kxc2 Ba1 38. Bc4 Ke5 39. Bb3 Kf6 40.
Bc4 Ke7 41. Bb3 Be5 42. Kd2 Bb2 43. Kc2 Ba3 44. Ba4 Bb4 45. Kd1 Kf6 46. Bb3 Ke5
47. Bc4 Bc3 48. Bb3 1/2-1/2

[Event "26th 4NCL Congress"]
[Site "Woodland Grange, Old Milverton"]
[Date "2021.09.11"]
[Round "2.5"]
[White "Bussmann, John"]
[Black "Dasgupta, Avyukt"]
[Result "1/2-1/2"]
[WhiteElo "1893"]
[BlackElo "1779"]
[PlyCount "107"]
[EventDate "2021.09.10"]

1. e4 e6 2. d3 d5 3. Nd2 dxe4 4. dxe4 Nd7 5. Ngf3 Nb6 6. g3 Bd7 7. Bg2 Bb4 8.
b3 Qf6 9. e5 Qd8 10. c4 Bc6 11. O-O g6 12. Qe2 Qd7 13. Bb2 Be7 14. Rfd1 Rd8 15.
Ne4 Qc8 16. Rxd8+ Qxd8 17. Rd1 Qc8 18. Nd4 Bxe4 19. Qxe4 c6 20. Bh3 Kf8 21. Nc2
Nh6 22. Bc1 Kg7 23. Ne3 Rd8 24. Rxd8 Qxd8 25. Bf1 Nd7 26. Bb2 Nc5 27. Qc2 a5
28. Bc3 Qb6 29. Bg2 Nd7 30. Qd2 Qc7 31. Bxa5 b6 32. Bc3 c5 33. h3 Nb8 34. Kh2
Nc6 35. f4 Nb4 36. Bxb4 cxb4 37. Nc2 Qc5 38. Nd4 Nf5 39. Nxf5+ exf5 40. Qd7 Kf8
41. Qd2 h5 42. h4 Kg7 43. Bd5 Kf8 44. Bg2 Kg7 45. Qd7 Kf8 46. e6 fxe6 47. Qxe6
Qd6 48. Bd5 Qxe6 49. Bxe6 Bc5 50. Kg2 Kg7 51. Kf3 Kf6 52. Bc8 Ke7 53. Bb7 Kf6
54. Bd5 1/2-1/2

[Event "26th 4NCL Congress"]
[Site "Woodland Grange, Old Milverton"]
[Date "2021.09.11"]
[Round "2.6"]
[White "Varley, Joe"]
[Black "Thooran, Kavin"]
[Result "1-0"]
[WhiteElo "1892"]
[BlackElo "1123"]
[PlyCount "85"]
[EventDate "2021.09.10"]

1. e4 e5 2. Nf3 Nc6 3. Bb5 a6 4. Ba4 Nf6 5. O-O b5 6. Bb3 Bc5 7. c3 O-O 8. d4
exd4 9. cxd4 Bb6 10. Bg5 d6 11. Nc3 Be6 12. d5 b4 13. Na4 Bg4 14. Nxb6 cxb6 15.
dxc6 Rc8 16. Rc1 Rc7 17. h3 Bh5 18. Qd4 Bxf3 19. Bxf6 Qxf6 20. Qxf6 gxf6 21.
gxf3 Kg7 22. Rfd1 Rd8 23. Rd4 Kg6 24. Rxb4 b5 25. a4 Rb8 26. axb5 Rxb5 27. Rxb5
axb5 28. Bd5 Kg5 29. Ra1 f5 30. Ra5 fxe4 31. fxe4 f5 32. Rxb5 fxe4 33. Be6+ Kf4
34. Bd7 e3 35. fxe3+ Kxe3 36. Rb7 Rxb7 37. cxb7 d5 38. b8=Q d4 39. Qe5+ Kd3 40.
Bb5+ Kc2 41. Qe2+ Kc1 42. Bd3 h5 43. Qc2# 1-0